Workteks sa araling panlipunan I : (Record no. 10280)

MARC details
000 -LEADER
fixed length control field 00650nam a22001817a 4500
003 - CONTROL NUMBER IDENTIFIER
control field OSt
005 - DATE AND TIME OF LATEST TRANSACTION
control field 20260515053016.0
008 - FIXED-LENGTH DATA ELEMENTS--GENERAL INFORMATION
fixed length control field 260506b |||||||| |||| 00| 0 eng d
020 ## - INTERNATIONAL STANDARD BOOK NUMBER
International Standard Book Number 971-699-405-6
040 ## - CATALOGING SOURCE
Original cataloging agency DWCL-Main Lib
Transcribing agency OC
082 ## - DEWEY DECIMAL CLASSIFICATION NUMBER
Classification number Fil. 909 An542w 2007
100 ## - MAIN ENTRY--PERSONAL NAME
Personal name Ancog, Ma. Regina P. / Capistrano, jocelyn F. / De Leon, Perlita P.
Relator term authors
245 ## - TITLE STATEMENT
Title Workteks sa araling panlipunan I :
Remainder of title kasaysayan ng Pilipinas /
Statement of responsibility, etc. Ma. Regina P. Ancog
260 ## - PUBLICATION, DISTRIBUTION, ETC.
Place of publication, distribution, etc. Manila :
Name of publisher, distributor, etc. Innovative Educational Materials, Inc.,
Date of publication, distribution, etc. c2007
300 ## - PHYSICAL DESCRIPTION
Extent v, 208 p. :
Other physical details ill. ;
Dimensions 27 cm.
650 ## - SUBJECT ADDED ENTRY--TOPICAL TERM
Topical term or geographic name entry element Kasaysayan ng Pilipinas
942 ## - ADDED ENTRY ELEMENTS (KOHA)
Source of classification or shelving scheme Dewey Decimal Classification
Koha item type Book-Filipiniana
Call number suffix Fil.
Suppress in OPAC No
952 ## - LOCATION AND ITEM INFORMATION (KOHA)
--
Holdings
Withdrawn status Lost status Source of classification or shelving scheme Damaged status Not for loan Home library Current library Shelving location Date acquired Source of acquisition Total Checkouts Full call number Barcode Date last seen Copy number Price effective from Koha item type Uniform Resource Identifier
    Dewey Decimal Classification     Junior High School Library Junior High School Library Filipiniana 06/09/2009 Donation   Fil. 909 An542w 2007 JHS - 15256 05/06/2026 c1 05/06/2026 BK - FIL